Isurv (Record no. 102915)

MARC details
000 -LEADER
fixed length control field 03145cam a2200877 4500
008 - FIXED-LENGTH DATA ELEMENTS--GENERAL INFORMATION
fixed length control field 030113n2004 000 0 eng u
020 ## - INTERNATIONAL STANDARD BOOK NUMBER
International Standard Book Number 1842191578
035 ## - SYSTEM CONTROL NUMBER
System control number (Sirsi) u122702
041 ## - LANGUAGE CODE
Language code of text/sound track or separate title eng
050 ## - LIBRARY OF CONGRESS CALL NUMBER
Classification number 333.332
-- 18
110 ## - MAIN ENTRY--CORPORATE NAME
Corporate name or jurisdiction name as entry element Royal Institution of Chartered Surveyors
9 (RLIN) 4900
245 ## - TITLE STATEMENT
Title Isurv
Remainder of title valuation
Medium [multimedia]
260 ## - PUBLICATION, DISTRIBUTION, ETC.
Place of publication, distribution, etc. London
Name of publisher, distributor, etc. RICS
Date of publication, distribution, etc. 2004-
490 ## - SERIES STATEMENT
Series statement RICS Isurv.co.uk Series
505 ## - FORMATTED CONTENTS NOTE
Formatted contents note Pre-contractual issues
505 ## - FORMATTED CONTENTS NOTE
Formatted contents note Terms of engagement
505 ## - FORMATTED CONTENTS NOTE
Formatted contents note Valuation inspections and investigations
505 ## - FORMATTED CONTENTS NOTE
Formatted contents note Client report
505 ## - FORMATTED CONTENTS NOTE
Formatted contents note Bases and purposes of valuations
505 ## - FORMATTED CONTENTS NOTE
Formatted contents note Retail valuation
505 ## - FORMATTED CONTENTS NOTE
Formatted contents note Office valuation
505 ## - FORMATTED CONTENTS NOTE
Formatted contents note Industrial and distribution properties
505 ## - FORMATTED CONTENTS NOTE
Formatted contents note Plant and machinery
505 ## - FORMATTED CONTENTS NOTE
Formatted contents note Minerals and waste management
505 ## - FORMATTED CONTENTS NOTE
Formatted contents note Golf courses
505 ## - FORMATTED CONTENTS NOTE
Formatted contents note Garden centres
505 ## - FORMATTED CONTENTS NOTE
Formatted contents note Cinemas
505 ## - FORMATTED CONTENTS NOTE
Formatted contents note Nightclubs
505 ## - FORMATTED CONTENTS NOTE
Formatted contents note Public houses
505 ## - FORMATTED CONTENTS NOTE
Formatted contents note Restaurants
505 ## - FORMATTED CONTENTS NOTE
Formatted contents note Hotels
505 ## - FORMATTED CONTENTS NOTE
Formatted contents note Doctors' surgeries
505 ## - FORMATTED CONTENTS NOTE
Formatted contents note Care sector
505 ## - FORMATTED CONTENTS NOTE
Formatted contents note Petrol filling stations
505 ## - FORMATTED CONTENTS NOTE
Formatted contents note Vehicle dealerships
505 ## - FORMATTED CONTENTS NOTE
Formatted contents note Environmental appraisal
505 ## - FORMATTED CONTENTS NOTE
Formatted contents note Telecoms
505 ## - FORMATTED CONTENTS NOTE
Formatted contents note Student Accomodation
505 ## - FORMATTED CONTENTS NOTE
Formatted contents note Vineyards
520 ## - SUMMARY, ETC.
Summary, etc. The isurv valuation channel provides practice guidance on all aspects of carrying out valuations in commercial property. With step-by-step guidance that focuses on the different type of property and the issues involved in valuing them. Isurv valuation also includes the full text of the Red Book online. Updated regularly covering new legal developments, case law, changes in best practice and new issues.
520 ## - SUMMARY, ETC.
Summary, etc. Subscribers to "Isurv valuation" will be able to access it at www.isurv.co.uk using the username and password issued to you. Other RICS members will be able to use it via the public access terminals in the RICS Library - please ask Library Staff for details.
650 ## - SUBJECT ADDED ENTRY--TOPICAL TERM
Topical term or geographic name entry element Valuation
9 (RLIN) 6273
650 24 - SUBJECT ADDED ENTRY--TOPICAL TERM
Topical term or geographic name entry element RICS appraisal and valuation standards
650 ## - SUBJECT ADDED ENTRY--TOPICAL TERM
Topical term or geographic name entry element ASSET VALUATION
650 ## - SUBJECT ADDED ENTRY--TOPICAL TERM
Topical term or geographic name entry element ASSETS
650 ## - SUBJECT ADDED ENTRY--TOPICAL TERM
Topical term or geographic name entry element VALUATION REPORTS
650 ## - SUBJECT ADDED ENTRY--TOPICAL TERM
Topical term or geographic name entry element PROPERTY-COMMERCIAL PROPERTY
690 ## - LOCAL SUBJECT ADDED ENTRY--TOPICAL TERM (OCLC, RLIN)
Topical term or geographic name as entry element PROPERTY-PROPERTY APPRAISAL AND VALUATION
700 ## - ADDED ENTRY--PERSONAL NAME
Personal name Austin, Russell
700 ## - ADDED ENTRY--PERSONAL NAME
Personal name Baldwin, Richard
700 ## - ADDED ENTRY--PERSONAL NAME
Personal name Barber, Amanda
700 ## - ADDED ENTRY--PERSONAL NAME
Personal name Bourne, Kerry
700 ## - ADDED ENTRY--PERSONAL NAME
Personal name Bredemear, Amanda
700 ## - ADDED ENTRY--PERSONAL NAME
Personal name Creevy, Alan
700 ## - ADDED ENTRY--PERSONAL NAME
Personal name Croydon, Bob
700 ## - ADDED ENTRY--PERSONAL NAME
Personal name Forrest, Huw
700 ## - ADDED ENTRY--PERSONAL NAME
Personal name Gershinson, Jon
700 ## - ADDED ENTRY--PERSONAL NAME
Personal name Gilham, Barry
700 ## - ADDED ENTRY--PERSONAL NAME
Personal name Greville-Heygate, Charles
700 ## - ADDED ENTRY--PERSONAL NAME
Personal name Hayward, John
700 ## - ADDED ENTRY--PERSONAL NAME
Personal name Hessel, Chris
700 ## - ADDED ENTRY--PERSONAL NAME
Personal name King, Clive
700 ## - ADDED ENTRY--PERSONAL NAME
Personal name Mackmin, David
700 ## - ADDED ENTRY--PERSONAL NAME
Personal name Nicholl, John
700 ## - ADDED ENTRY--PERSONAL NAME
Personal name Quinton Smith, S.
700 ## - ADDED ENTRY--PERSONAL NAME
Personal name Richmond, N.
700 ## - ADDED ENTRY--PERSONAL NAME
Personal name Sidwell, Andrew
700 ## - ADDED ENTRY--PERSONAL NAME
Personal name Stack, Ronan
700 ## - ADDED ENTRY--PERSONAL NAME
Personal name Vincent, Peter
700 ## - ADDED ENTRY--PERSONAL NAME
Personal name Arthurs, Richard
700 ## - ADDED ENTRY--PERSONAL NAME
Personal name Orrettt, Robert
700 ## - ADDED ENTRY--PERSONAL NAME
Personal name Wyatt, Peter
856 ## - ELECTRONIC LOCATION AND ACCESS
Uniform Resource Identifier <a href="https://www.rbprofessional.com">https://www.rbprofessional.com</a>
Public note Access "Isurv valuation" using your username and password...
942 ## - ADDED ENTRY ELEMENTS (KOHA)
Suppress in OPAC 0
Holdings
Withdrawn status Lost status Source of classification or shelving scheme Damaged status Not for loan Home library Current library Shelving location Date acquired Total Checkouts Full call number Barcode Date last seen Copy number Price effective from Koha item type
    Dewey Decimal Classification     Virtual Virtual Online 06/12/2004   ONLINE PUBLICATION 122702-4001 06/08/2019 1 06/08/2019 Book